00526nam a2200193Ia 4500003000400000005001700004008004100021020002200062040000700084041000800091082001600099100002600115245006800141260003600209300001700245365001400262650001600276650004000292OSt20230509110704.0210423s2008 xx 000 0 und d a978-1-84593-761-4 cAL aeng a631.58 LENA aLENNE (J M)& Wood (D) aAgrobiodiversity management for food security: a critical renew aNew YorkbCABI Publishingc2008 aviii,239bHB b8115cGBP aAgriculture aAgriculture Techniques & Equipments